000 00641nam a2200205 i 4500
001 97334
003 ES-MaACL
005 20230906182101.0
007 t|
008 050711s1962 sp ||||1| spa d
100 1 _aMarc, André.
_976345
245 1 3 _aEl ser y el espíritu /
_cAndré Marc S.I.; versión castellana de Antonio Puigcerver.
260 _aMadrid :
_bGredos,
_c1962.
300 _a278 p. ;
_c22 cm.
490 1 _aBiblioteca hispánica de filosofía
700 1 _aPuigcerver Zanón, Antonio.
_994292
830 0 _aBiblioteca hispánica de filosofía
_9181000
852 _aES-MaACL
_jC-22401
_bR.50645
999 _c97334
_d97334